000 00200nam a2200109Ia 4500
100 _aMAGGIE/JARVIS
942 _cBK
245 _aWISDOM OF CHINA
260 _b#N/A
546 _aENGLISH
999 _c27381
_d27381